00934cam a2200229 i 45000010006000000050017000060080041000230170015000640400022000791000042001012450117001432600064002603000026003245040021003506000042003716550039004137100056004528520012005089420018005209520149005389990017006878584820260429143036.0260429s1995 sp a rc 000 0 spa d aSG 57/1995 aBUAHbspacM-RABA1 aSimón, José Luis (d1946-)94384710aJosé Luis Simón b: sustratos y referencias: del 8 al 24 de septiembre de 1995: Torreón de Lozoya, Segovia a[Segovia] b: Caja Segovia Obra Social y Culturalc, [1995] a35 p b: il.c; 28 cm aBibliogr.: p. 3517aSimón, José Luis (d1946-)943847 4aCatálogos de exposiciones9453362 aCaja de Ahorros y Monte de Piedad de Segovia912373 jF-16117 cFONDOMODERn0 00102ddc4070aRABASFbRABASFcDP2d2026-04-29eDl0oF-16117p1097146r2026-04-29 14:31:08w2026-04-29yFONDOMODERzCon dedicatoria del autor c85848d85848